Velký slovník marketingových komunikací

Gespeichert in:
Bibliographische Detailangaben
1. Verfasser: Horňák, Pavel
Weitere Verfasser: Jurášková, Olga, Vysekalová, Jitka, Štarchoň, Peter, Kotyzová, Pavla, Banyár, Milan, Svoboda, Václav, Bělohrad, Radim, Kita, Jaroslav, Kocourek, Josef, Kramoliš, Jan, Metke, Jozef, Tyleček, Dan, Hradiská, Elena
Format: Buch
Sprache:Tschechisch
Veröffentlicht: Praha Grada Publishing 2012
Ausgabe:1. vyd.
Schlagworte:
Tags: Tag hinzufügen
Keine Tags, Fügen Sie das erste Tag hinzu!

MARC

LEADER 00000nam a2200000 4500
001 0164199
005 20240502083403.4
020 |a 978-80-247-4354-7 
041 0 |a cze 
044 |a CZ 
245 1 0 |a Velký slovník marketingových komunikací  |c Olga Jurášková, Pavel Horňák a kolektiv 
250 |a 1. vyd. 
264 1 |a Praha  |b Grada Publishing  |c 2012 
300 |a 271 s. [14,44 AH] 
610 2 0 |a komunikácia marketingová 
610 2 0 |a reklama 
610 2 0 |a vzťahy s verejnosťou 
610 2 0 |a marketing 
610 2 0 |a plán marketingový 
100 1 |a Horňák, Pavel 
700 1 |a Jurášková, Olga 
700 1 |a Vysekalová, Jitka 
700 1 |a Štarchoň, Peter 
700 1 |a Kotyzová, Pavla 
700 1 |a Banyár, Milan 
700 1 |a Svoboda, Václav 
700 1 |a Bělohrad, Radim 
700 1 |a Kita, Jaroslav 
700 1 |a Kocourek, Josef 
700 1 |a Kramoliš, Jan 
700 1 |a Metke, Jozef 
700 1 |a Tyleček, Dan 
700 1 |a Hradiská, Elena